000 01083cam a2200277 4500
001 ABS63610
008 000000n2001 000 0 eng u
035 _a(Sirsi) u111106
100 _aGrosvenor, R.
245 4 _aThe valuation profession: current issues likely to drive future directions
260 _c2001
490 _aCanadian Appraiser
_v(44) Winter 2000, 22-29(8)
520 _aHighlights key areas of change that will possibly impact upon the valuation profession. Covers some global trends, discusses the growth of property trusts; communications technology; digitized mapping systems; future trends in mortgage valuations and opportunities for the valuation profession. References.
590 _aABS
650 _aTRENDS
650 _aGLOBALISATION
650 _aDIGITAL MAPPING
650 _aPROPERTY TRUSTS
650 _aPROFESSIONAL ETHICS
650 _aMORTGAGE VALUATIONS
650 _aCOMMUNICATIONS TECHNOLOGY
650 _aOPPORTUNITIES
650 _aVALUATION PROFESSION
690 _aPROPERTY-PROPERTY APPRAISAL AND VALUATION
942 _n0
999 _c66195
_d66195